000 00267nam a2200109Ia 4500
999 _c7885
_d7885
020 _a978-0070093362
100 _aJohn A.Byrne
245 0 _aBusiness Week's Guide to the best Business Schools
260 _aNew York
_bMcGraw Hill
_c1990
300 _a186
942 _cBK